LEADER 01024nam0-22003251i-450- 001 990003013410403321 010 $a9971-988-18-6 035 $a000301341 035 $aFED01000301341 035 $a(Aleph)000301341FED01 035 $a000301341 100 $a20000920d1985----km-y0itay50------ba 101 0 $aeng 102 $aIT 200 1 $aAsean Co-operation and Intra-ASEAN Trade$fHans Christoph Rieger, Institute of Southeast Asian Studies. 210 $aSingapore$cInstitute of Southeast Asian Studies$d1985. 215 $aV, 31 p., 19 p. di tavole$d22 cm 225 1 $aAsean Economic Research Unit. Research Notes and Discussions Paper$v57 676 $aF/1.3 676 $aH/4.20 702 1$aRieger,$bHans Christoph 712 2$aInstitute of Southeast Asian Studies 801 0$aIT$bUNINA$gRICA$2UNIMARC 901 $aBK 912 $a990003013410403321 952 $aA/60 RIE$b6989$fSES 959 $aSES 996 $aAsean Co-operation and Intra-ASEAN Trade$9467808 997 $aUNINA DB $aING01 LEADER 01495nam 2200349Ia 450 001 996395936603316 005 20210104171414.0 035 $a(CKB)3810000000018045 035 $a(EEBO)2240870210 035 $a(OCoLC)ocn767619619e 035 $a(OCoLC)767619619 035 $a(EXLCZ)993810000000018045 100 $a20111206d1686 uy 0 101 0 $alat 135 $aurbn||||a|bb| 200 10$aBrevissima institutio, seu ratio grammarices cognosceridae, ad omnium puerorium utilitatem praescripta: Quam solam Regiae Majestas in omnibus Scholis doctndam praecepit$b[electronic resource] 210 $aCantabrigiae, $cApud Joannem Hayes, celeberrimae Academiae Typographum.$dMDCLXXXVI. [1686] 215 $a[2], 130, [27] p. $ccoat of arms 300 $aMakes up the second part of William Lily's A short introduction of grammar (1685). 300 $aSignatures: (4 n.s.) F-I⁸. 300 $aReproduction of original in the Harvard University Library. 330 $aeebo-0062 606 $aLatin language$xGrammar$vEarly works to 1800 615 0$aLatin language$xGrammar 700 $aLily$b William$f1468?-1522.$0841046 701 $aLily$b William$f1468?-1522.$0841046 801 0$bUMI 801 1$bUMI 906 $aBOOK 912 $a996395936603316 996 $aBrevissima institutio, seu ratio grammarices cognosceridae, ad omnium puerorium utilitatem praescripta: Quam solam Regiae Majestas in omnibus Scholis doctndam praecepit$92386516 997 $aUNISA